000
00302 a2200145 4500
001
152462
040
_c
Escola São Tomás de Aquino
240
1
0
_a
Palavra viva 2002
_l
por
245
1
0
_a
Palavra viva 2002
300
_a
155
362
0
_a
2002
440
1
_a
Positivo
697
_a
Poesia
942
_c
BK
999
_c
152462
_d
152462